Welcome to CU Library Online Public Access Catalogue (OPAC)

Industrial relations in Ghana : (Record no. 1325)

MARC details
000 -LEADER
fixed length control field 00723cam a2200229 a 4500
001 - CONTROL NUMBER
control field 12222058
005 - DATE AND TIME OF LATEST TRANSACTION
control field 20241118192545.0
008 - FIXED-LENGTH DATA ELEMENTS--GENERAL INFORMATION
fixed length control field 000825s1999 gh b 001 0 eng
020 ## - INTERNATIONAL STANDARD BOOK NUMBER
International Standard Book Number 9964302657
050 00 - LIBRARY OF CONGRESS CALL NUMBER
Classification number KRX1297
Item number .O24 1999
082 00 - DEWEY DECIMAL CLASSIFICATION NUMBER
Classification number 334.66701/8
Edition information 21
100 1# - MAIN ENTRY--PERSONAL NAME
Personal name Obeng-Fosu, Patrick.
245 10 - TITLE STATEMENT
Title Industrial relations in Ghana :
Remainder of title the law and practice /
Statement of responsibility, etc. Opanin Patrick Obeng-Fosu.
250 ## - EDITION STATEMENT
Edition statement 2nd ed.
260 ## - PUBLICATION, DISTRIBUTION, ETC.
Place of publication, distribution, etc. Accra :
Name of publisher, distributor, etc. Ghana Universities Press,
Date of publication, distribution, etc. 1999.
300 ## - PHYSICAL DESCRIPTION
Extent 171 p. ;
Dimensions 22 cm.
650 #0 - SUBJECT ADDED ENTRY--TOPICAL TERM
Topical term or geographic name entry element Labor unions
General subdivision Law and legislation
Geographic subdivision Ghana.
650 #0 - SUBJECT ADDED ENTRY--TOPICAL TERM
Topical term or geographic name entry element Collective labor agreements
Geographic subdivision Ghana.
650 #0 - SUBJECT ADDED ENTRY--TOPICAL TERM
Topical term or geographic name entry element Labor disputes
Geographic subdivision Ghana.
650 #0 - SUBJECT ADDED ENTRY--TOPICAL TERM
Topical term or geographic name entry element Industrial relations
Geographic subdivision Ghana.
942 ## - ADDED ENTRY ELEMENTS (KOHA)
Source of classification or shelving scheme Library of Congress Classification
Koha item type Books
Suppress in OPAC No
999 ## -
-- 1325
-- 1325
Holdings
Withdrawn status Lost status Source of classification or shelving scheme Damaged status Not for loan Collection Home library Current library Shelving location Date acquired Total checkouts Full call number Barcode Date last seen Copy number Uniform resource identifier Price effective from Koha item type
    Library of Congress Classification     Non-fiction Law Library (Christ Temple) Law Library (Christ Temple) General stacks 11/18/2024   KRX1220 OBE llct00000066 11/18/2024 1 KRX1297.024 11/18/2024 Books
© 2023-2024 Copyright: Central University Libraries. All Rights Reserved | Created by: Mahone Tech Office